Round the Clock: (Record no. 182528)

MARC details
000 -LEADER
fixed length control field 00678nam a22001937a 4500
005 - DATE AND TIME OF LATEST TRANSACTION
control field 20220216115616.0
010 ## - LCCN (DPL NO)
LC control number ENG-130112
020 ## - INTERNATIONAL STANDARD BOOK NUMBER
International Standard Book Number 978-93-528-0820-5
Terms of availability 395.00
035 ## - SYSTEM CONTROL NUMBER
System control number EN-113644
037 ## - SOURCE OF ACQUISITION
Source of stock number/acquisition DBAD/PUB
082 ## - DEWEY DECIMAL CLASSIFICATION NUMBER
Classification number 381.142
100 ## - MAIN ENTRY--PERSONAL NAME
Personal name Titus, Ray
245 ## - TITLE STATEMENT
Title Round the Clock:
Remainder of title How a 24x7 Digital Marketplace Is Transforming Business/
Statement of responsibility, etc Ray Titus
250 ## - EDITION STATEMENT
Edition statement 2019
260 ## - PUBLICATION, DISTRIBUTION, ETC. (IMPRINT)
Place of publication, distribution, etc New Delhi
Name of publisher, distributor, etc Sage Publications India Pvt Ltd
Date of publication, distribution, etc 2019
270 ## - ADDRESS
Address B1/I-1 Mohan Cooperative Industrial Area, Mathura Road
City New Delhi
Postal code 110044
300 ## - PHYSICAL DESCRIPTION
Extent xiv, 179p.
Dimensions 22cm (pbk)
Other physical details Epilogue, Bibliography, About the Author
942 ## - ADDED ENTRY ELEMENTS (KOHA)
Source of classification or shelving scheme Dewey Decimal Classification
Item type English Books
Classification part 381.142
Call number suffix TIT
Holdings
Withdrawn status Lost status Not for loan Collection code Home library Current library Date acquired Source of acquisition Cost, normal purchase price Full call number Barcode Copy number Cost, replacement price Koha item type
      Non-fiction Ashok Vihar Ashok Vihar 18/11/2021 DBAD/PUB 395.00 381.142 TIT EN-113644 1 395.00 English Books

© Delhi Public Library
Hit Counter
free hit counter